000 00738nam0a22002531 4500
001 v19\rc\1771102
005 20250619071052.0
035 _a(NLR Aleph) 004868594
090 _a5078844
_c5078844
100 _a20061204d1903 |||y0rusy50 ca
101 0 _arus
102 _aRU
105 _ay z |||||
200 1 _aХристиане о евреях
_e[Избр. мысли разн. авт.]
_fСост. И.Н.
210 _aЖитомир
_cтипо-лит. Я.М. Дубинского
_d1903
215 _a18 с.
_d17
702 0 _aИ.Н.
_4220
801 0 _aRU
_bNLR
_gpsbo
801 0 _aRU
_bRuMoRGB
_2psbo
801 1 _aRU
_bProSoft-M
_2rusmarc
852 _aNLR
_j34.83.4.1085
899 _aRuMoRGB
_jJ 49/262
942 _cBOOK
980 _aNB